书目信息 |
| 题名: |
草地植被恢复与重建
|
|
| 作者: | 王堃 著 | |
| 分册: | ||
| 出版信息: | 北京 化学工业出版社 2004.40 |
|
| 页数: | ||
| 开本: | 16开 | |
| 丛书名: | ||
| 单 册: | ||
| 中图分类: | S812.8 | |
| 科图分类: | ||
| 主题词: | 畜牧学 | |
| 电子资源: | ||
| ISBN: | 7-5025-5426-2 | |
| 000 | 00511nam0 2200181 450 | |
| 001 | 0736196517 | |
| 005 | 20070924100316.51 | |
| 010 | @a7-5025-5426-2@d¥30.00 | |
| 100 | @a20070924d km y0chiy0120 ea | |
| 101 | 0 | @achi |
| 200 | 1 | @a草地植被恢复与重建@Acao di zhi bei hui fu yu chong jian@f王堃 著@Fwang kun zhu |
| 210 | @a北京@c化学工业出版社@d2004.40 | |
| 215 | @d16开 | |
| 606 | 0 | @a畜牧学 |
| 690 | @aS812.8@v3 | |
| 701 | 0 | @a王堃@Awang kun@4著 |
| 801 | 0 | @aCN@bPFT@c20070924 |
| 905 | @a213230@dS812.8@eZY13@f1 | |
| 草地植被恢复与重建/王堃 著.-北京:化学工业出版社,2004.40 |
| 16开 |
| ISBN 7-5025-5426-2:¥30.00 |
| ● |
| 相关链接 |
|
|
|
|
正题名:草地植被恢复与重建
索取号:S812.8/ZY13
 
预约/预借
| 序号 | 登录号 | 条形码 | 馆藏地/架位号 | 状态 | 备注 |
| 1 | 7902228 | 279022282 | 密集书库-资源管理系/ [索取号:S812.8/ZY13] | 在馆 |